| 000 | 00639nam a2200193Ia 4500 | ||
|---|---|---|---|
| 003 | OSt | ||
| 005 | 20240810092759.0 | ||
| 008 | 210719s1996 xx 000 0 und d | ||
| 040 | _cAL | ||
| 041 | _aKannada | ||
| 082 | _a070.92K SHRS | ||
| 100 |
_aSHRINIVASA HAVANURA _dಶ್ರೀನಿವಾಸ ಹಾವನೂರ,, Ed. _9176290 |
||
| 245 |
_aShreshtra pkustakodyami: Ma Govindarav. _bಶ್ರೇಷ್ಠ ಪುಸ್ತಕೋದ್ಯಮಿ : ಮಾ ಗೋವಿಂದರಾವ್. |
||
| 260 |
_aBengaluru _bSahitya Bhandara _c1996 |
||
| 300 |
_a112 _bPB |
||
| 365 |
_b18 _cRs |
||
| 650 |
_aJournalism _9176291 |
||
| 942 |
_2ddc _cBK |
||
| 999 |
_c213264 _d213264 |
||